| 000 | 00935pam a2200325 a 4500 | ||
|---|---|---|---|
| 001 | 7000 | ||
| 003 | FISKH | ||
| 005 | 20250617100214.0 | ||
| 008 | 961002s1997 nyua a 000 0 eng | ||
| 010 | _a 96045118 | ||
| 020 | _a0670874582 | ||
| 040 |
_aDLC _cDLC _dDLC _beng |
||
| 050 | _aBF697.S46 C37 | ||
| 082 | _a158.1 | ||
| 100 | 1 | _aCarlson, Nancy L. | |
| 245 | 1 | 0 |
_aABC, I like me! / _cby Nancy Carlson. |
| 260 |
_aNew York : _bViking, _c1997. |
||
| 300 |
_a32 unnumbered pages : _bcolor illustrations ; _c26 cm |
||
| 505 | _aE | ||
| 520 | _aAn alphabet book that explores self-esteem. | ||
| 521 | 8 |
_a190
_bLexile |
|
| 521 | 8 |
_aE
_bRaz-Plus |
|
| 650 | 0 |
_aSelf-esteem _xJuvenile literature. |
|
| 650 | 0 |
_aEnglish language _xAlphabet _xJuvenile literature. |
|
| 650 | 1 | _aSelf-esteem. | |
| 650 | 1 | _aAlphabet. | |
| 906 |
_a7 _bcbc _corignew _d1 _eocip _f19 _gy-gencatlg |
||
| 942 |
_2ddc _cBK _n0 |
||
| 999 |
_c7000 _d7000 |
||